| 000 | 01198pam a2200337 a 4500 | ||
|---|---|---|---|
| 001 | 8162 | ||
| 003 | FISKH | ||
| 005 | 20250902090113.0 | ||
| 008 | 920413s1993 nyu j 000 1 eng | ||
| 010 | _a 92015527 | ||
| 020 | _a0689505760 | ||
| 020 | _a9780689505768 | ||
| 035 | _a2976916 | ||
| 040 |
_aDLC _cDLC _dDLC _beng |
||
| 050 | 0 | 0 |
_aPZ7.C7878 _bBo 1993 |
| 082 | _a823.914 | ||
| 100 | 1 |
_aCooper, Susan, _d1935- |
|
| 245 | 1 | 4 |
_aThe Boggart / _cSusan Cooper. |
| 250 | _aFirst Scholastic printing, October 1994 | ||
| 260 |
_aNew York : _bScholastic, _c1993 |
||
| 300 |
_a196 pages : _b20 cm |
||
| 520 | _aAfter visiting the castle in Scotland which her family has inherited and returning home to Canada, twelve-year-old Emily finds that she has accidentally brought back with her a boggart, an invisible and mischievous spirit with a fondness for practical jokes. | ||
| 650 | 1 |
_aMagic _vFiction. |
|
| 650 | 1 | _aHumorous stories. | |
| 651 | 1 |
_aScotland _vFiction. |
|
| 651 | 1 |
_aCanada _vFiction. |
|
| 655 | 7 |
_aFiction. _2lcgft _0https://id.loc.gov/authorities/genreForms/gf2014026339 |
|
| 906 |
_a7 _bcbc _corignew _d1 _eocip _f19 _gy-gencatlg |
||
| 942 |
_2ddc _cBK _n0 |
||
| 999 |
_c8162 _d8162 |
||